000 00570nam a22002177a 4500
001 00100
003 DO-SdBNP
005 20180205133917.0
007 00100
008 160316b sp 2001 ||||| |||| 00| 0 spa d
020 _a9788401328817
040 _aBPMSU
_bspa
_cBPMSU
092 _axxxxxxxxxxx
_bxxxxxxxxxx
100 1 0 _aEzquivel, Laura
245 1 0 _aTan veloz como el deseo /
_cLaura Esquivel
260 _aBarcelona :
_bPlaza & Janés,
_c2001.
300 _a221 p. :
_c24 cm.
942 _2ddc
_cBK
945 _ainventariado, 2018 / dg
956 _aBrenda Tavárez
999 _c9276
_d9276